UITU Library & LRC     

The Mentality of A Pes (Record no. 18729)

MARC details
000 -LEADER
fixed length control field 00289nam a2200121Ia 4500
008 - FIXED-LENGTH DATA ELEMENTS--GENERAL INFORMATION
fixed length control field 241002s9999 xx 000 0 und d
082 ## - DEWEY DECIMAL CLASSIFICATION NUMBER
Classification number 599.88 KOH
100 ## - MAIN ENTRY--PERSONAL NAME
Personal name Kohler, Wifgang
245 #4 - TITLE STATEMENT
Title The Mentality of A Pes
260 ## - PUBLICATION, DISTRIBUTION, ETC.
Place of publication, distribution, etc. New York:
Date of publication, distribution, etc. 1956
600 ## - SUBJECT ADDED ENTRY--PERSONAL NAME
Personal name Natural Science
942 ## - ADDED ENTRY ELEMENTS (KOHA)
Koha item type Usman Collection
Holdings
Withdrawn status Lost status Damaged status Not for loan Home library Current library Date acquired Total checkouts Full call number Barcode Date last seen Price effective from Koha item type
        UITU Library UITU Library 01/01/1994   599.88 KOH UC402 10/02/2024 10/02/2024 Usman Collection

Powered by Koha